00486 2200181 4500001002100000005001500021035002000036007000300056008004100059020001800100082001000118084001600128100001800144245007200162260004400234856001700278990000900295INLIS00000000000167620230221070543 a0010-0223000137ta230221 g 0 ind  a9789790500181 a959.8 a959.8 EKO s0 aEko Praptanto1 asejarah indonesia 4 : zaman kedatangan kolonial bangsa-bangsa barat aJakarta :bBina sumber daya mipa,c2010 aKoleksi Umum a2882